000 00902nam a22003017a 4500
001 0003741
003 KOHA_MİRAKIL
005 20260207001346.0
007 ta
008 090415b1999 tu |||gr||||#||||1|tur |
020 _a975363627X
040 _aTR-BiSEU
_btur
_cTR-BiSEU
_erda
041 0 _atur
044 _ctu
050 _aP120
_b.G65 1999
100 1 _aGökberk, Macit.
245 1 _aDeğişen dünya değişen dil/
_cMacit Gökberk ; Macit Gökberk.
264 1 _aİstanbul :
_bYapı Kredi Yayınları
_c1999
300 _a150 sayfa
336 _ametin
_btxt
_2rdacontent
337 _aaracısız
_bn
_2rdamedia
338 _acilt
_bnc
_2rdacarrier
490 0 _aYapı Kredi Yayınları - Cogito :56.
650 0 _aDil ve diller--Değişim.
_99106
650 0 _aLanguage and languages--Change.
_99107
830 0 _aYapı Kredi Yayınları - Cogito :56.
_99108
942 _2lcc
_cBK
999 _c3725
_d3725